000 nam a22 7a 4500
999 _c129557
_d129557
008 190503b xxu||||| |||| 00| 0 eng d
050 _aD804.3.C45 1995
100 _aHolliday, Laurel
_946239
245 _aChildren's wartime diaries
_bsecret writings from the holocaust and world war 11
260 _aLondon
_bPiatkus Publishing
_c1995
300 _axxi, 409p. ;
_c19cm.
650 _aHolocaust, Jewish
_xPersonal narratives
_946240
650 _aJewish children in the Holocaust
_xDiaries
_946241
942 _2lcc
_cMONOGRAPH